书目信息 |
| 题名: |
崛起的非洲
|
|
| 作者: | 顾章义 | |
| 分册: | ||
| 出版信息: | 北京 中国青年出版社 1996 |
|
| 页数: | 425 | |
| 开本: | 20 cm | |
| 丛书名: | 精粹世界史 | |
| 单 册: | ||
| 中图分类: | K4 | |
| 科图分类: | ||
| 主题词: | 非洲--历史 | |
| 电子资源: | ||
| ISBN: | 7-5006-3602-4 | |
| 000 | 00534nam0 2200205 450 | |
| 001 | 0734081268 | |
| 005 | 20071007092801.28 | |
| 010 | @a7-5006-3602-4 | |
| 100 | @a20071007d km y0chiy0120 ea | |
| 101 | 0 | @achi |
| 200 | 1 | @a崛起的非洲@Ajue qi de fei zhou@f顾章义@Fgu zhang yi |
| 210 | @a北京@c中国青年出版社@d1996 | |
| 215 | @a425@d20 cm | |
| 225 | 2 | @a精粹世界史 |
| 410 | 0 | @12001 @a精粹世界史 |
| 606 | 0 | @a非洲@x历史 |
| 690 | @aK4@v3 | |
| 701 | 0 | @a顾章义@Agu zhang yi |
| 801 | 0 | @aCN@bPFT@c20071007 |
| 905 | @a213230@dK4@ea4@f1 | |
| 崛起的非洲/顾章义.-北京:中国青年出版社,1996 |
| 425;20 cm.-(精粹世界史) |
| ISBN 7-5006-3602-4: |
| ● |
| 相关链接 |
|
|
|
|
正题名:崛起的非洲
索取号:K4/a4
 
预约/预借
| 序号 | 登录号 | 条形码 | 馆藏地/架位号 | 状态 | 备注 |
| 1 | 7509045 | 275090456 | 密集书库-史法系/ [索取号:K4/a4] | 在馆 |